Physical activity towards health and fitness : arnis / Francis Jose S. Dela Cruz, Danilo N. Daran, Ernesto Thaddeus M. Solmerano. (Record no. 21334)

000 -LEADER
fixed length control field 00773nam a22002057a 4500
020 ## - INTERNATIONAL STANDARD BOOK NUMBER
ISBN 9786214092628
082 ## - DEWEY DECIMAL CLASSIFICATION NUMBER
Classification number 796.853
Item number D3312 2024
100 ## - MAIN ENTRY--AUTHOR NAME
Personal name Dela Cruz, Francis Jose S., author.
245 ## - TITLE STATEMENT
Title Physical activity towards health and fitness : arnis / Francis Jose S. Dela Cruz, Danilo N. Daran, Ernesto Thaddeus M. Solmerano.
260 ## - PUBLICATION, DISTRIBUTION, ETC. (IMPRINT)
Place of publication Mandaluyong City :
Name of publisher Books Atbp. Publishing Corp.,
Year of publication ©2024.
300 ## - PHYSICAL DESCRIPTION
Number of Pages viii, 178 pages :
Other physical details illustrations ; 26 cm
500 ## - GENERAL NOTE
General note Includes bibliographical references.
650 ## - SUBJECT ADDED ENTRY--TOPICAL TERM
Topical Term Arnis (Martial art).
650 ## - SUBJECT ADDED ENTRY--TOPICAL TERM
Topical Term Eskrima (Martial art).
650 ## - SUBJECT ADDED ENTRY--TOPICAL TERM
Topical Term Martial arts -- Philippines.
650 ## - SUBJECT ADDED ENTRY--TOPICAL TERM
Topical Term Hand-to-hand fighting, Oriental.
700 ## - ADDED ENTRY--PERSONAL NAME
Personal name Daran, Danilo N.
700 ## - ADDED ENTRY--PERSONAL NAME
Personal name Solmerano, Ernesto Thaddeus M.
942 ## - ADDED ENTRY ELEMENTS (KOHA)
Koha item type Books
Holdings
Source of acquisition Permanent Location Date acquired Koha item type Collection code Accession Number Lost status Shelving location Withdrawn status Current Location Full call number
SchoolCagayan State University - Carig Library2025-09-03BooksArts & Recreation011156 General Collection Cagayan State University - Carig Library796.853 D3312 2024
SchoolCagayan State University - Carig Library2025-09-03BooksArts & Recreation011157 General Collection Cagayan State University - Carig Library796.853 D3312 2024
SchoolCagayan State University - Carig Library2025-09-03BooksArts & Recreation011158 General Collection Cagayan State University - Carig Library796.853 D3312 2024

Cagayan State University University Library, Carig Campus
Tuguegarao City, Cagayan 3500 | www.csucarig.edu.ph

Powered by Koha